000 00695nam a22002057a 4500
999 _c63660
_d63660
005 20240530110652.0
008 171216s2016 ua g 000 f ara d
017 _a2016/26221
_bمصر. دار الكتب
020 _a9789774276491
040 _aEG-CaGPL
_cEG-CaGPL
082 0 4 _221
_a813.03\
_bأ ك
100 0 _aاشرف العشماوى
245 1 0 _aكلاب الراعى :
_cرواية /
_bاشرف العشماوى .
250 _aط.4
260 _aالقاهرة :
_bالدار المصرية اللبنانية ،
_c2015 .
300 _a357 ص. ؛
_c20 سم.
650 0 7 _2qrmak
_aالقصص العربية
942 _2ddc
_cBK